01563nam a22002297a 4500003000900000008004100009040007100050082007300121110005500194245006800249260003300317300002900350440007300379505070100452650001801153650002601171650002701197650002301224650001801247650001301265710005501278AR-CdUCM190425b ||||| |||| 00| 0 spa d aMUNICIPALIDAD PROVINCIAL DEL CUSCOcBIBLIOTECA MUNICIPAL DEL CUSCO aRev.Univ/N°44,45/1924bRev.Univ/N°44,45/192422 y 3 trimestre 1924 aUniversidad Nacional de San Antonio Abad del Cusco aRevista Universitaria :bÓrgano de la Universidad del Cuzco / aCusco :bH. G. Rozas,c1924. a129 páginas. :c20 cm. aRevista UniversitarianAño VIII, 2°y 3° trimestre 1924, N°44,45 aContenido: La libertad bajó de los Andes. -- Proclamación de la Independencia en el Cuzco. -- El Cuzco precolombino. Luis E. Valcárcel. -- El Cuzco de la Colonia. José Uriel García. -- La inmigración de los vegetales en la sección occidental del Cuzco. Antonio Lorena. -- Las cactáceas de los alrededores de la ciudad del Cuzco. Fortunato L. Herrera. -- El Cuzco sede libertaria. Inéditos sobre actitudes revolucionarias en 1811. -- Las ruinas de Qqencco Cuzco. Jenaro F. Baca. -- La Universidad del Cuzco. José Gabriel Cosio. -- Un prócer cuzqueño de la Independencia. Ángel Vega Enríquez. -- Derecho consuetudinario. Víctor J. Guevara. -- Crónica universitaria.  aUniversidades aGeografía del Cusco aÉpoca prehispánica aHistoria del Cusco aIndependencia aSiglo XX aUniversidad Nacional de San Antonio Abad del Cusco